Random flags - Statistics

General Stats
  • This quiz has been taken 16 times
  • The average score is 10 of 12
Answer Stats
Picture Answer % Correct
Eswatini
90%
Gabon
90%
Greece
90%
Switzerland
90%
Taiwan
90%
Tuvalu
90%
Vatican city
90%
Czechia
80%
Haiti
80%
Lesotho
80%
Netherlands
80%
Liechenstein
20%
No matching quizzes found
Score Distribution
Percent of People with Each Score
Percentile by Number Answered
Your Score History
You have not taken this quiz